Masnavi Zehar-e-ishq (Record no. 1435229)

MARC details
000 -LEADER
fixed length control field 00758nam a22002297a 4500
005 - DATE AND TIME OF LATEST TRANSACTION
control field 20250908142847.0
008 - FIXED-LENGTH DATA ELEMENTS--GENERAL INFORMATION
fixed length control field 250908b |||||||| |||| 00| 0 eng d
037 ## - SOURCE OF ACQUISITION
Terms of availability TB
040 ## - CATALOGING SOURCE
Original cataloging agency CRL
Transcribing agency CRL
041 ## - LANGUAGE CODE
Source of code URD
Language code of text/sound track or separate title URD
084 ## - COLON CLASSIFICATION NUMBER
Classification number O168,1L83:g 152L2;Q9
Item number CRL
100 ## - MAIN ENTRY--PERSONAL NAME
Personal name Lucknowi, Nawab Mirza Shauqe
9 (RLIN) 820286
245 ## - TITLE STATEMENT
Title Masnavi Zehar-e-ishq
260 ## - PUBLICATION, DISTRIBUTION, ETC.
Place of publication, distribution, etc. Delhi, India:
Name of publisher, distributor, etc. Arshia Publications
Date of publication, distribution, etc. 2019.
300 ## - PHYSICAL DESCRIPTION
Extent 190p.
365 ## - TRADE PRICE
Price amount 300.00
Currency code INR
650 ## - SUBJECT ADDED ENTRY--TOPICAL TERM
Topical term or geographic name entry element Urdu Literature
9 (RLIN) 820287
650 ## - SUBJECT ADDED ENTRY--TOPICAL TERM
Topical term or geographic name entry element Urdu Poetry
9 (RLIN) 820288
700 ## - ADDED ENTRY--PERSONAL NAME
Personal name Thakur, Arshad Ali
Relator term Editor
9 (RLIN) 820289
942 ## - ADDED ENTRY ELEMENTS (KOHA)
Source of classification or shelving scheme Colon Classification (CC)
Koha item type Textbook
Classification part O168,1L83:g 152L2;Q9
Suppress in OPAC No
Holdings
Withdrawn status Lost status Source of classification or shelving scheme Damaged status Not for loan Home library Current library Date acquired Source of acquisition Cost, normal purchase price Inventory number Total Checkouts Full call number Barcode Date last seen Price effective from Koha item type
    Colon Classification (CC)     Central Library Central Library 2025-09-08 Arshad Ali Thakur 300.00 Gift   O168,1L83:g 152L2;Q9 CL1699969 2025-09-08 2025-09-08 Textbook
Copyright @ Delhi University Library System